00453 2200181 4500001002100000008004100021035002000062245003300082100001500115260003700130300002000167020002200187084001400209082000800223650001000231990001500241990001500256INLIS000000000003206 ind  a0010-1225000027 aTanah Para BanditcTere Liye aLiye, Tere aDepok :bPT Sabak Grip Nusantara a436c13,5x20 cm a978-623-8829-67-5 a813 LIY t a813 aFiksi a19648/B/26 a19649/B/26